00477nam a2200133 a 450000100100000000500170001000800410002704000250006824500720009326000360016530000200020195201050022199900170032600003800720201002031141.0130312s1997 dr 000 0 spa d aDO-SdBNPbspacBNPHU00aManual para el oficial investigador de la policia judicial militar. aSanto Domingo :b[s.n.],c1997. a49 p. ;c21 cm. 0010718PDaPDbPDcHDd2013-03-12iLF1l0o p38007-10r2020-06-25w2020-06-25yLFPDZNo se presta c37497d37497